Kluby Super Ligi w serialu "Supa Strikas" - Statystyki

Ogólne statystyki
  • Ten quiz został rozwiązany 41 razy
  • Średni wynik to 10 z 16
Statystyki odpowiedzi
Odpowiedź % Poprawnych
Supa Strikas
96%
Niepokonani United
88%
Żelazne Czołgi
84%
Barka
80%
Hydra
72%
Nakama
72%
Azul
60%
Orion
60%
Technicali
60%
Colossus
56%
Grimm
52%
Palmentieri
52%
Cosmos
48%
Cognito
44%
Sa Ming United
40%
Sułtani
32%
Nie znaleziono quizów pasujących do podanych kryteriów
Rozkład punktacji
Procent ludzi z każdym wynikiem
Percentyl według liczby udzielonych odpowiedzi
Twoja historia wyników
Nie rozwiązałeś tego quizu